00378cam a2200157ua 45000010005000000080039000050400009000440820013000531000020000662450039000862500009001252600033001343000013001676530019001806530021001992680110909n ii |||gr||||Z||||||asm cMAIN a891.4512 aPhukan, Prabin,11aLachit Barphukancby Prabin Phukan a3rd. aDibrugarh:bBani Mandir,978. a88p:9cm. aAssamese drama aLachit Barphukan